000 01039nam a22002537a 4500
999 _c65146
_d65146
005 20240530110809.0
008 190115s2008 ua a g 000 0 ara d
017 _a2008/19292
_bمصر. دار الكتب
020 _a9774378997
040 _aEG-CaGPL
_cEG-CaGPL
082 0 4 _221
_a792.09 /
_bز م
100 1 _aزاريللى ، فيليب
245 1 0 _aمقدمة فى تاريخ المسرح :
_bالجزء الاول /
_cتحرير فيليب زاريللى ، بروس مكوناشى ، جارى جاى ويليامز
250 _aط.1
260 _aالقاهرة :
_bوزارة الثقافة : مهرجان القاهرة الدولى للمسرح التجريبى،
_c2008.
300 _a755 ص. :
_bايض ؛
_c24 سم.
650 0 7 _2qrmak
_aالمسرح
650 0 7 _aالمسرح
_2qrmak
_xتاريخ ونقد
651 _2qrmak
700 0 _aسومية مظلوم
_eمترجم
700 0 _aعبدالمعطى شعراوى
_eمراجع
942 _2ddc
_cBK